000 01398nam a2200217 4500
005 20250325160634.0
008 250325b |||||||| |||| 00| 0 eng d
020 _a9781647266653
037 _cTextual
040 _aRTL
_cRTL
084 _aX91:8 R3
_qRTL
245 _aIndustry 4.0 in SMEs across the globe: Challenges and opportunities
260 _aNew York
_bClanrye International
_c2023
300 _avi, 237p.
_bIncludes list of contributors and index
520 _aIndustry 4.0 refers to the fourth industrial revolution that began in 2011. It has revolutionized the ways in which companies carry out their operations, and manufacture and distribute their products. The industrial environment is drastically changing with the introduction of technologies such as artificial intelligence, cloud computing, Internet of things (IoT), machine learning, and data analytics. Modern smart technologies are used for analyzing and diagnosing problems that enable the companies to make better decisions without human intervention. Smart manufacturing incorporates computer-integrated manufacturing to increase automation and self-optimization of process improvements.
650 _aIndustry
650 _aSmall business--Technological innovations
_9747568
650 _aSmall business--Management
_9747569
710 _aTurner, Parker
_eEditor
_9747570
942 _2CC
_n0
_cTB
_hX91:8 R3
999 _c1269265
_d1269265